[Event "FB1 2223 Hamburger SK - Schachfreunde D"]
[Site "?"]
[Date "2022.10.15"]
[Round "1.6"]
[White "Lampert, Alina"]
[Black "Gheng, Simona"]
[Result "0-1"]
[WhiteElo "2094"]
[BlackElo "1905"]
[PlyCount "134"]
[EventDate "2022.??.??"]

1. e4 c5 2. Nf3 d6 3. d4 cxd4 4. Nxd4 Nf6 5. f3 Nc6 6. c4 g6 7. Be3 Bg7 8. Qd2 Bd7 9. Nc3 a6 10. Be2 Rc8 11. O-O O-O 12. Rac1 Nxd4 13. Bxd4 Bc6 14. Rc2 Nd7 15. Be3 Re8 16. b4 b5 17. cxb5 Bxc3 18. Rxc3 Bxb5 19. Rfc1 Rxc3 20. Rxc3 Qb8 21. Bd1 Nb6 22. Qf2 Nc4 23. Ba7 Qb7 24. a4 Nb2 25. Qxb2 Qxa7+ 26. Qf2 Qxf2+ 27. Kxf2 Bd7 28. Rc7 Be6 29. Be2 Rb8 30. b5 axb5 31. Bxb5 Kf8 32. Ke3 f5 33. Kd4 fxe4 34. fxe4 Kf7 35. Kc3 Kf6 36. Kb4 Bc8 37. Kc3 Be6 38. Kd4 g5 39. Kc3 h6 40. Kd4 Ra8 41. Kc3 Rb8 42. Kb4 Bc8 43. Ka5 Bb7 44. Rxb7 Rxb7 45. Ka6 Rc7 46. Kb6 Rc2 47. a5 Ke5 48. a6 Ra2 49. a7 Rxa7 50. Kxa7 Kxe4 51. Kb6 Kd5 52. Ba6 e5 53. Kc7 e4 54. Kd7 h5 55. Ke7 Ke5 56. Kf7 h4 57. g3 d5 58. Kg6 hxg3 59. hxg3 e3 60. Kxg5 Ke4 61. Kg4 d4 62. Bb7+ Kd3 63. Kf3 Kd2 64. Ba6 d3 65. Bxd3 Kxd3 66. g4 e2 67. Kf2 Kd2 0-1

[Event "FB1 2223 SV Medizin Erfurt - Rodewische"]
[Site "?"]
[Date "2022.10.15"]
[Round "1.1"]
[White "Sieber, Fiona"]
[Black "Nguyen, Ha Thanh"]
[Result "1/2-1/2"]
[WhiteElo "2280"]
[BlackElo "1967"]
[PlyCount "54"]
[EventDate "2022.??.??"]

1. e4 c5 2. Nc3 e6 3. d4 cxd4 4. Qxd4 Nc6 5. Qd3 a6 6. Qg3 d6 7. Bg5 Nf6 8. O-O-O Qa5 9. Bxf6 gxf6 10. f4 Bd7 11. Bc4 O-O-O 12. Bb3 f5 13. Nge2 h5 14. Rhe1 Be8 15. Kb1 h4 16. Qh3 fxe4 17. Nxe4 Be7 18. c3 Kb8 19. Qe3 d5 20. Ng5 Bc5 21. Nd4 Ka8 22. Nxc6 Bxe3 23. Nxa5 Bxf4 24. Nf3 Bc7 25. Bxd5 Bxa5 26. Be4 Rxd1+ 27. Rxd1 Bc7 1/2-1/2

[Event "FB1 2223 SV Medizin Erfurt - Rodewische"]
[Site "?"]
[Date "2022.10.15"]
[Round "1.2"]
[White "Tsakona, Maria"]
[Black "Movsesian, Julia"]
[Result "1/2-1/2"]
[WhiteElo "1975"]
[BlackElo "2300"]
[PlyCount "82"]
[EventDate "2022.??.??"]

1. d4 d5 2. c4 e6 3. Nc3 a6 4. cxd5 exd5 5. Bf4 Nf6 6. e3 Bd6 7. Bxd6 Qxd6 8. Bd3 Bg4 9. Nge2 Nbd7 10. O-O O-O 11. Qc2 Bxe2 12. Qxe2 Rfe8 13. Rab1 Nf8 14. b4 Ne6 15. Qf3 c6 16. a4 h6 17. Rfc1 b5 18. Rb2 Ng5 19. Qg3 Qd7 20. a5 Nge4 21. Bxe4 dxe4 22. Rbc2 Re6 23. Ne2 Nd5 24. Nf4 Nxf4 25. Qxf4 Rae8 26. Rc5 Rf6 27. Qh4 Rg6 28. Qh5 Ree6 29. Re5 Rxe5 30. Qxe5 Qg4 31. g3 Rf6 32. Rxc6 Qd1+ 33. Kg2 Qf3+ 34. Kh3 Rf5 35. Qe8+ Kh7 36. Rc5 Qh5+ 37. Kg2 Qf3+ 38. Kh3 Rh5+ 39. Rxh5 Qxh5+ 40. Kg2 Qf3+ 41. Kg1 Qd1+ 1/2-1/2

[Event "FB1 2223 SV Medizin Erfurt - Rodewische"]
[Site "?"]
[Date "2022.10.15"]
[Round "1.3"]
[White "Sliwicka, Alicja"]
[Black "Reuter, Elisa"]
[Result "1-0"]
[WhiteElo "2240"]
[BlackElo "1924"]
[PlyCount "95"]
[EventDate "2022.??.??"]

1. e4 c5 2. Nf3 Nc6 3. d4 cxd4 4. Nxd4 g6 5. c4 Bg7 6. Be3 Nf6 7. Nc3 O-O 8. Be2 d6 9. h3 Bd7 10. O-O Nxd4 11. Bxd4 Bc6 12. Qc2 a5 13. Rad1 Qc7 14. Nd5 Bxd5 15. exd5 b5 16. c5 dxc5 17. Qxc5 Qxc5 18. Bxc5 Ne4 19. Bxe7 Rfe8 20. d6 Nxd6 21. Bf3 Rxe7 22. Bxa8 Ra7 23. Rxd6 Rxa8 24. Rfd1 Bxb2 25. Rd8+ Rxd8 26. Rxd8+ Kg7 27. Rd5 a4 28. Rxb5 a3 29. g4 h6 30. Kf1 Kf6 31. Ke2 Ke6 32. f4 Kf6 33. Rb6+ Kg7 34. Kd3 Bf6 35. Rb7 Kf8 36. Rb8+ Kg7 37. Re8 Bb2 38. Ra8 Bc1 39. Kc2 Bb2 40. Kb3 Kf6 41. Ra6+ Ke7 42. h4 f6 43. Ra7+ Kf8 44. h5 gxh5 45. gxh5 Bc1 46. f5 Ke8 47. Kc4 Bb2 48. Kd5 1-0

[Event "FB1 2223 SV Medizin Erfurt - Rodewische"]
[Site "?"]
[Date "2022.10.15"]
[Round "1.4"]
[White "Mueller-Ludwig, Kristin"]
[Black "Miturova, Magdalena"]
[Result "1-0"]
[WhiteElo "2048"]
[BlackElo "2219"]
[PlyCount "75"]
[EventDate "2022.??.??"]

1. e4 e5 2. Nf3 Nc6 3. Bb5 a6 4. Ba4 Nf6 5. O-O Be7 6. Re1 b5 7. Bb3 d6 8. c3 O-O 9. h3 h6 10. d4 Re8 11. Nbd2 Bf8 12. a4 Bd7 13. d5 Na5 14. Bc2 c6 15. dxc6 Nxc6 16. Nf1 Be6 17. Ne3 Qb6 18. Nh4 Rad8 19. Qf3 Ne7 20. axb5 axb5 21. Nef5 Nxf5 22. Nxf5 Nd7 23. Be3 Qc6 24. Red1 Kh7 25. g4 g6 26. Ng3 Bg7 27. Qe2 Nc5 28. Ra7 Bc4 29. Qf3 Rf8 30. g5 hxg5 31. Bxg5 Rd7 32. Rda1 f6 33. Be3 Rff7 34. Ra8 f5 35. Nxf5 Rxf5 36. exf5 e4 37. fxg6+ Kxg6 38. Bxc5 1-0

[Event "FB1 2223 SV Medizin Erfurt - Rodewische"]
[Site "?"]
[Date "2022.10.15"]
[Round "1.5"]
[White "Korenova, Martina"]
[Black "Anisheva, Varvara"]
[Result "1/2-1/2"]
[WhiteElo "2164"]
[BlackElo "2086"]
[PlyCount "101"]
[EventDate "2022.??.??"]

1. e4 c5 2. Bc4 Nc6 3. Nf3 e6 4. Qe2 a6 5. a4 Rb8 6. O-O Qc7 7. Na3 Nf6 8. c3 Ng4 9. Re1 Bd6 10. g3 Nge5 11. Nxe5 Nxe5 12. Ba2 Ng6 13. d4 cxd4 14. cxd4 Bxa3 15. bxa3 h5 16. h4 b6 17. Qc4 Qxc4 18. Bxc4 Ne7 19. Bf4 Ra8 20. Bc7 Bb7 21. Bxb6 d5 22. exd5 Nxd5 23. Bc5 Kd7 24. Rab1 Bc6 25. a5 g5 26. hxg5 h4 27. Rb3 hxg3 28. fxg3 Rh5 29. Rf1 Rh7 30. Rbf3 Ke8 31. g6 fxg6 32. Rf8+ Kd7 33. R1f7+ Rxf7 34. Rxf7+ Ke8 35. Rf8+ Kd7 36. Rxa8 Bxa8 37. Bxa6 Nc3 38. Bd3 g5 39. Kf2 Ne4+ 40. Bxe4 Bxe4 41. Ke3 Bb7 42. Bf8 g4 43. Kf4 Bf3 44. a6 Kc7 45. a7 Kb7 46. Bc5 Be2 47. a4 Bf3 48. a5 Be2 49. a6+ Ka8 50. Ke5 Bc4 51. Kf4 1/2-1/2

[Event "FB1 2223 SV Medizin Erfurt - Rodewische"]
[Site "?"]
[Date "2022.10.15"]
[Round "1.6"]
[White "Umpfenbach, Carolin"]
[Black "Kubikova, Hana"]
[Result "1/2-1/2"]
[WhiteElo "2050"]
[BlackElo "2068"]
[PlyCount "117"]
[EventDate "2022.??.??"]

1. d4 Nf6 2. c4 e6 3. Nf3 d5 4. Nc3 c6 5. e3 Be7 6. a3 Nbd7 7. Bd3 O-O 8. O-O a6 9. Re1 Qc7 10. e4 dxc4 11. Bxc4 b5 12. Bb3 e5 13. d5 c5 14. h3 c4 15. Bc2 Bd6 16. Nh4 Nc5 17. Qf3 Qe7 18. Nf5 Bxf5 19. Qxf5 Qd7 20. Qf3 Rac8 21. Bg5 Ne8 22. Rad1 f6 23. Bc1 a5 24. Ne2 g6 25. Ng3 Ng7 26. Bh6 a4 27. Qe2 Nb3 28. Bxb3 axb3 29. Bd2 Ne8 30. Bc3 Rf7 31. Qd2 Ra8 32. Kh1 Nc7 33. Ne2 Na6 34. Ng1 Nc5 35. Re3 Na4 36. Rg3 Qa7 37. Rf1 Re8 38. Ne2 Nc5 39. f3 Nd3 40. Nc1 Nf4 41. h4 Bc5 42. Rg4 Be3 43. Qd1 h5 44. Rg3 Bf2 45. Kh2 Bxg3+ 46. Kxg3 Qe3 47. Kh2 g5 48. Bd2 Qd4 49. Bxf4 Qxd1 50. Rxd1 gxf4 51. Ne2 f5 52. Nc3 fxe4 53. Nxe4 Rd8 54. Nc3 Rfd7 55. Rd2 Kg7 56. Kg1 Kf6 57. Kf2 Kf5 58. Kg1 Kg6 59. Kh2 1/2-1/2

[Event "FB1 2223 SC 1957 Bad Königshofen  - SV"]
[Site "?"]
[Date "2022.10.15"]
[Round "1.1"]
[White "Cyfka, Karina"]
[Black "Kiolbasa, Oliwia"]
[Result "1/2-1/2"]
[WhiteElo "2352"]
[BlackElo "2410"]
[PlyCount "38"]
[EventDate "2022.??.??"]

1. d4 d5 2. c4 e6 3. Nf3 Nf6 4. e3 b6 5. Nbd2 Bd6 6. b3 O-O 7. Bb2 Bb7 8. Bd3 Qe7 9. O-O Nbd7 10. Qe2 e5 11. dxe5 Nxe5 12. Bxe5 Bxe5 13. Nxe5 Qxe5 14. Nf3 Qh5 15. Nd4 Qxe2 16. Bxe2 dxc4 17. Bxc4 c5 18. Nf5 g6 19. Nd6 Bd5 1/2-1/2

[Event "FB1 2223 SC 1957 Bad Königshofen  - SV"]
[Site "?"]
[Date "2022.10.15"]
[Round "1.2"]
[White "Maltsevskaya, Aleksandra"]
[Black "Kulon, Klaudia"]
[Result "0-1"]
[WhiteElo "2356"]
[BlackElo "2253"]
[PlyCount "50"]
[EventDate "2022.??.??"]

1. e4 e5 2. Nc3 Nc6 3. Bc4 Nf6 4. d3 Na5 5. Bb3 Nxb3 6. axb3 d5 7. Nf3 dxe4 8. Nxe5 Bd6 9. Nc4 Bc5 10. Qe2 O-O 11. dxe4 b5 12. Nxb5 Nxe4 13. Be3 Bb4+ 14. c3 c6 15. Rxa7 Rb8 16. Ne5 Rxb5 17. Nxc6 Nxc3 18. bxc3 Bxc3+ 19. Kf1 Qd6 20. Ne7+ Kh8 21. Nxc8 Rxc8 22. Qc2 Qe6 23. Ke2 Ba5 24. Qd3 Rd5 25. Ra6 Qg4+ 0-1

[Event "FB1 2223 SC 1957 Bad Königshofen  - SV"]
[Site "?"]
[Date "2022.10.15"]
[Round "1.3"]
[White "Hincu, Olga"]
[Black "Melamed, Tatjana"]
[Result "1/2-1/2"]
[WhiteElo "2104"]
[BlackElo "2391"]
[PlyCount "81"]
[EventDate "2022.??.??"]

1. d4 Nf6 2. Nf3 e6 3. c4 b6 4. Nc3 Bb7 5. e3 Be7 6. Bd3 d5 7. O-O O-O 8. b3 c5 9. cxd5 exd5 10. Bb2 Nc6 11. Rc1 Re8 12. dxc5 bxc5 13. Na4 Ne4 14. Bxe4 dxe4 15. Nd2 Ba6 16. Qg4 g6 17. Nc4 Bf8 18. Rfd1 Qe7 19. Nc3 h5 20. Qg3 h4 21. Qf4 Bxc4 22. bxc4 Qe5 23. Qxh4 Bg7 24. Rd5 Qe6 25. Na4 Nb4 26. Bxg7 Kxg7 27. Rg5 Nxa2 28. Nxc5 Qe7 29. Rd1 Rad8 30. Rxd8 Rxd8 31. g3 f6 32. Rxg6+ Kxg6 33. Qg4+ Kf7 34. Qh5+ Kg8 35. Qg6+ Kf8 36. Qh6+ Ke8 37. Qg6+ Kf8 38. Qh6+ Kf7 39. Qh7+ Kf8 40. Qh6+ Kg8 41. Qg6+ 1/2-1/2

[Event "FB1 2223 SC 1957 Bad Königshofen  - SV"]
[Site "?"]
[Date "2022.10.15"]
[Round "1.4"]
[White "Sukandar, Irine Kharisma"]
[Black "Wagenschuetz, Evelyn"]
[Result "0-1"]
[WhiteElo "2401"]
[BlackElo "2080"]
[PlyCount "88"]
[EventDate "2022.??.??"]

1. d4 Nf6 2. c4 e6 3. Nf3 d5 4. Nc3 c6 5. e3 Be7 6. Bd3 Nbd7 7. O-O O-O 8. b3 b6 9. Bb2 Bb7 10. Qc2 h6 11. Rad1 Rc8 12. Qe2 Bd6 13. e4 dxe4 14. Nxe4 Nxe4 15. Bxe4 Qe7 16. Bb1 Rfe8 17. Rfe1 Rcd8 18. Qc2 Nf8 19. Re3 Bf4 20. Re4 Qc7 21. Rde1 f5 22. R4e2 Qf7 23. Qc3 Ng6 24. b4 Bc7 25. g3 Rd7 26. a3 c5 27. d5 e5 28. Qb3 e4 29. bxc5 bxc5 30. Qxb7 Rb8 31. Qa6 exf3 32. Rd2 Nf4 33. d6 Bd8 34. Be5 Ne2+ 35. Kh1 Rb6 36. Qa4 Qe6 37. Rdd1 Rdb7 38. Bf4 g5 39. Be3 f4 40. Bxc5 fxg3 41. fxg3 Rxb1 42. Rxb1 Qe4 43. Bf2 Rxb1 44. Rd1 Nc3 0-1

[Event "FB1 2223 SC 1957 Bad Königshofen  - SV"]
[Site "?"]
[Date "2022.10.15"]
[Round "1.5"]
[White "Schulz, Petra"]
[Black "Savina, Anastasia"]
[Result "0-1"]
[WhiteElo "1993"]
[BlackElo "2352"]
[PlyCount "40"]
[EventDate "2022.??.??"]

1. e4 c5 2. Nf3 Nc6 3. d4 cxd4 4. Nxd4 e5 5. Nb5 d6 6. N1c3 a6 7. Na3 b5 8. Nd5 Nge7 9. c4 Nxd5 10. exd5 Nd4 11. cxb5 Bd7 12. bxa6 Qa5+ 13. Bd2 Qxd5 14. Be3 Be7 15. Bxd4 exd4 16. f3 Bh4+ 17. g3 Bg5 18. Nc2 O-O 19. Be2 Rfe8 20. Qxd4 Qxf3 0-1

[Event "FB1 2223 SC 1957 Bad Königshofen  - SV"]
[Site "?"]
[Date "2022.10.15"]
[Round "1.6"]
[White "Obolentseva, Alexandra"]
[Black "Just, Anita"]
[Result "1-0"]
[WhiteElo "2310"]
[BlackElo "1895"]
[PlyCount "55"]
[EventDate "2022.??.??"]

1. d4 e6 2. c4 f5 3. Nc3 Nf6 4. g3 Bb4 5. Bg2 O-O 6. Nf3 d6 7. O-O Bxc3 8. bxc3 Qe8 9. Ba3 Nbd7 10. Qb3 Ne4 11. Rad1 Ndf6 12. c5 dxc5 13. Ne5 Qh5 14. f3 Ng5 15. Bxc5 Re8 16. Ba3 b6 17. Qc4 Nd5 18. Bc1 a5 19. Qc6 Rb8 20. g4 Bb7 21. gxh5 Bxc6 22. Nxc6 Nf7 23. Nxb8 Rxb8 24. Bd2 Nd6 25. e4 Ne7 26. Bf4 Ne8 27. d5 Rc8 28. dxe6 1-0

[Event "FB1 2223 FC Bayern München - SG Soling"]
[Site "?"]
[Date "2022.10.16"]
[Round "2.1"]
[White "Gaponenko, Inna"]
[Black "Exler, Veronika"]
[Result "1-0"]
[WhiteElo "2339"]
[BlackElo "2137"]
[PlyCount "75"]
[EventDate "2022.??.??"]

1. e4 c6 2. d4 d5 3. e5 Bf5 4. Nd2 e6 5. Nb3 Nd7 6. Nf3 h6 7. Be2 Ne7 8. O-O Bh7 9. a4 a6 10. c3 Rc8 11. Nc5 Nxc5 12. dxc5 Qc7 13. Re1 g5 14. h3 Bg7 15. Be3 O-O 16. Bd4 Rce8 17. a5 Be4 18. Bd3 Bxd3 19. Qxd3 Nf5 20. g4 Nxd4 21. cxd4 Qd7 22. Re3 Kh8 23. Rae1 Rg8 24. R1e2 Bf8 25. Nh2 Rg6 26. Nf1 Kg8 27. Ng3 Bg7 28. Nh5 Qc7 29. b4 Kf8 30. f4 gxf4 31. Nxf4 Rg5 32. Rg2 Bxe5 33. dxe5 Rxe5 34. Ng6+ fxg6 35. Qxg6 Rxe3 36. Rf2+ Ke7 37. Rf7+ Kd8 38. Rxc7 1-0

[Event "FB1 2223 FC Bayern München - SG Soling"]
[Site "?"]
[Date "2022.10.16"]
[Round "2.2"]
[White "Khrapko, Marharyta"]
[Black "Muetsch, Annmarie"]
[Result "1/2-1/2"]
[WhiteElo "2128"]
[BlackElo "2238"]
[PlyCount "115"]
[EventDate "2022.??.??"]

1. e4 e5 2. Nf3 Nc6 3. Bb5 a6 4. Ba4 d6 5. c4 Nf6 6. Nc3 Bd7 7. d4 exd4 8. Nxd4 Ne5 9. Bxd7+ Qxd7 10. b3 g6 11. f4 Nc6 12. Nxc6 bxc6 13. Bb2 Bg7 14. Qf3 O-O 15. O-O-O Qg4 16. Qf2 Qe6 17. Rhe1 a5 18. h3 a4 19. f5 Qc8 20. Nxa4 Rxa4 21. bxa4 Qa6 22. Qc2 Rb8 23. e5 Nd7 24. f6 Bh6+ 25. Kb1 Nxe5 26. Rxe5 dxe5 27. Ka1 Qa5 28. c5 Bf8 29. Rc1 Bh6 30. Rb1 Bf8 31. Ba3 Rxb1+ 32. Kxb1 Qe1+ 33. Kb2 Qf1 34. Bb4 Qxf6 35. a5 Qf1 36. Kb3 Bh6 37. Qe4 Qd1+ 38. Kc4 Qa4 39. a3 Bg7 40. g4 h6 41. h4 Bf6 42. Kc3 Bxh4 43. Qxe5 Qd1 44. Kb2 Bg5 45. Qe8+ Kg7 46. Bc3+ f6 47. Qe7+ Kg8 48. Qe6+ Kg7 49. Ka2 Qc2+ 50. Bb2 Qxc5 51. Qd7+ Kf8 52. Qd8+ Kf7 53. Qxc7+ Ke6 54. Qc8+ Ke7 55. Qb7+ Ke6 56. Qc8+ Ke7 57. Qb7+ Ke6 58. Qc8+ 1/2-1/2

[Event "FB1 2223 FC Bayern München - SG Soling"]
[Site "?"]
[Date "2022.10.16"]
[Round "2.3"]
[White "Kononenko, Tatiana"]
[Black "Mayrhuber, Nikola"]
[Result "1/2-1/2"]
[WhiteElo "2353"]
[BlackElo "2115"]
[PlyCount "49"]
[EventDate "2022.??.??"]

1. d4 Nf6 2. c4 e6 3. Nf3 Bb4+ 4. Bd2 Qe7 5. Qb3 Bxd2+ 6. Nbxd2 d6 7. g3 O-O 8. Bg2 e5 9. O-O Re8 10. e3 Nc6 11. Rfe1 a5 12. a3 a4 13. Qc2 h6 14. d5 Nb8 15. Nb1 Nbd7 16. Nc3 Nc5 17. Nd2 e4 18. h3 Bf5 19. Kh2 Qd7 20. Rad1 Re5 21. Rh1 Rae8 22. Ne2 g5 23. Nd4 Bg6 24. Nb1 c6 25. dxc6 1/2-1/2

[Event "FB1 2223 FC Bayern München - SG Soling"]
[Site "?"]
[Date "2022.10.16"]
[Round "2.4"]
[White "Dirmeier, Carolin"]
[Black "Zozulia, Anna"]
[Result "0-1"]
[WhiteElo "1954"]
[BlackElo "2243"]
[PlyCount "82"]
[EventDate "2022.??.??"]

1. e4 c5 2. Nf3 e6 3. d4 cxd4 4. Nxd4 Nf6 5. Nc3 d6 6. Bg5 Be7 7. f4 O-O 8. Qf3 a6 9. O-O-O Qc7 10. g4 Nc6 11. Nb3 b5 12. Bxf6 Bxf6 13. g5 Be7 14. Bd3 Bb7 15. Rhg1 Rac8 16. Qh3 Nb4 17. f5 Nxd3+ 18. Qxd3 b4 19. Ne2 Qc4 20. Qxc4 Rxc4 21. Nd2 Rc7 22. f6 Bd8 23. h4 Kh8 24. fxg7+ Kxg7 25. Ng3 Be7 26. Kb1 Rfc8 27. Rc1 a5 28. Rgf1 a4 29. Nh5+ Kg8 30. Nf6+ Kh8 31. Nh5 Bf8 32. Rf2 Ba6 33. Nf1 Bd3 34. Nfg3 b3 35. Nf4 Bxc2+ 36. Ka1 Bxe4 37. Rxc7 Rxc7 38. Rf1 Rc4 39. Ngh5 Bg6 40. Nf6 Bg7 41. N4h5 Rxh4 0-1

[Event "FB1 2223 FC Bayern München - SG Soling"]
[Site "?"]
[Date "2022.10.16"]
[Round "2.5"]
[White "Muedder, Melanie"]
[Black "Giss, Helene"]
[Result "1-0"]
[WhiteElo "1913"]
[BlackElo "2042"]
[PlyCount "79"]
[EventDate "2022.??.??"]

1. e4 e6 2. d4 d5 3. Nd2 c5 4. c3 cxd4 5. cxd4 dxe4 6. Nxe4 Nf6 7. Nc3 Be7 8. Nf3 O-O 9. Bc4 Nbd7 10. O-O a6 11. Bb3 Nb6 12. Bg5 Nbd5 13. Re1 h6 14. Bh4 Nxc3 15. bxc3 Qc7 16. Qd3 b5 17. Bc2 Rd8 18. Ne5 Kf8 19. Qg3 Bd6 20. Qf4 Bb7 21. Bxf6 gxf6 22. Qxf6 Bxe5 23. dxe5 Qxc3 24. Bg6 Rd7 25. Bh5 Rad8 26. Qxh6+ Kg8 27. Qg5+ Kf8 28. Rac1 Qb4 29. h3 Qe7 30. Qh6+ Ke8 31. Rc3 Rd3 32. Rxd3 Rxd3 33. Qh7 Rd2 34. Re3 Rxa2 35. Rg3 Kd8 36. Rg8+ Kc7 37. Rg7 Qc5 38. Rxf7+ Kb6 39. Rxb7+ Ka5 40. Qc7+ 1-0

[Event "FB1 2223 FC Bayern München - SG Soling"]
[Site "?"]
[Date "2022.10.16"]
[Round "2.6"]
[White "Acarbay, Algi"]
[Black "Rudolph, Eva"]
[Result "1-0"]
[WhiteElo "1951"]
[BlackElo "1911"]
[PlyCount "71"]
[EventDate "2022.??.??"]

1. e4 c5 2. Nf3 e6 3. b3 b6 4. Bd3 Bb7 5. O-O Nf6 6. e5 Nd5 7. Be4 Qc7 8. c4 Nb4 9. Bxb7 Qxb7 10. d4 cxd4 11. Nxd4 a6 12. Nc3 N8c6 13. Nf3 Ne7 14. Ba3 Nbc6 15. Ne4 Nc8 16. Bxf8 Rxf8 17. Qd3 Nb4 18. Qe2 Qc7 19. Rad1 Nc6 20. Qd2 h6 21. Rfe1 Ra7 22. Qc3 Ke7 23. Rd2 Rd8 24. Nd6 Kf8 25. Qe3 Ra8 26. Qf4 Nxd6 27. Rxd6 Ne7 28. Qd4 Rab8 29. g4 Nc8 30. g5 Nxd6 31. exd6 Qc5 32. Qh4 h5 33. Qxh5 f6 34. Ne5 fxe5 35. g6 Qxd6 36. Qh8+ 1-0

[Event "FB1 2223 SK Schwäbisch Hall - SV Hemer"]
[Site "?"]
[Date "2022.10.16"]
[Round "2.1"]
[White "Kulovana, Eva"]
[Black "Batsiashvili, Nino"]
[Result "0-1"]
[WhiteElo "2193"]
[BlackElo "2477"]
[PlyCount "50"]
[EventDate "2022.??.??"]

1. e4 e5 2. Nf3 Nc6 3. Bb5 a6 4. Ba4 Nf6 5. O-O b5 6. Bb3 Bc5 7. a4 Rb8 8. axb5 axb5 9. Nxe5 Nxe5 10. d4 Bxd4 11. Qxd4 Nc6 12. Qc3 O-O 13. e5 b4 14. Qc5 Ng4 15. f4 d6 16. Qc4 dxe5 17. h3 Nd4 18. hxg4 Bxg4 19. Nd2 Ne2+ 20. Kf2 Qh4+ 21. Ke3 exf4+ 22. Rxf4 Nxf4 23. Qxf4 Qe1+ 24. Kd4 Rfd8+ 25. Kc5 Qe7+ 0-1

[Event "FB1 2223 SK Schwäbisch Hall - SV Hemer"]
[Site "?"]
[Date "2022.10.16"]
[Round "2.2"]
[White "Arabidze, Meri"]
[Black "Hess, Olena"]
[Result "1-0"]
[WhiteElo "2422"]
[BlackElo "2065"]
[PlyCount "123"]
[EventDate "2022.??.??"]

1. d4 d6 2. Nf3 Bg4 3. c4 Bxf3 4. exf3 e6 5. Nc3 c6 6. d5 exd5 7. cxd5 Nf6 8. Bd3 Be7 9. O-O O-O 10. f4 Nbd7 11. Qf3 Rc8 12. g4 Nxd5 13. Nxd5 cxd5 14. Qxd5 Nc5 15. Bf5 Rc7 16. g5 Qe8 17. Re1 Qc6 18. Qd4 d5 19. b4 Na4 20. Be3 Nb6 21. Bd2 Rd8 22. Rac1 Nc4 23. Bc3 Bf8 24. Qd3 h6 25. g6 f6 26. Be6+ Kh8 27. Bf7 Re7 28. Rxe7 Bxe7 29. Re1 Bf8 30. Re6 Qd7 31. f5 Be7 32. Qe2 Bf8 33. Qd3 Be7 34. Re1 Ne5 35. Bxe5 fxe5 36. Rxe5 d4 37. Re6 Bf6 38. Kg2 Qc8 39. Qd2 Bg5 40. Qd3 Bf6 41. b5 Qd7 42. a4 Qc8 43. h3 Qd7 44. Re1 Qc8 45. Re6 Qd7 46. Re2 b6 47. Rc2 Qd6 48. Rc6 Qf4 49. Be6 Qb8 50. Kg1 Qf4 51. Rc2 Qb8 52. Bf7 Qd6 53. Kg2 Qb8 54. Re2 Qc8 55. Bc4 Qc7 56. Re6 Qc8 57. Rc6 Qb8 58. Qe4 Qb7 59. Kf3 Qb8 60. Rxf6 gxf6 61. Qe7 Qa8+ 62. Kg3 1-0

[Event "FB1 2223 SK Schwäbisch Hall - SV Hemer"]
[Site "?"]
[Date "2022.10.16"]
[Round "2.4"]
[White "Daulyte-Cornette, Deimante"]
[Black "Dartmann Aubanell, Catriona"]
[Result "1-0"]
[WhiteElo "2376"]
[BlackElo "1924"]
[PlyCount "41"]
[EventDate "2022.??.??"]

1. e4 e6 2. d4 d5 3. Nc3 Nf6 4. Bg5 Be7 5. e5 Nfd7 6. Bxe7 Qxe7 7. f4 a6 8. Nf3 c5 9. Qd2 Nc6 10. dxc5 Nxc5 11. a3 b5 12. b4 Nd7 13. Bd3 f6 14. O-O fxe5 15. fxe5 Ndxe5 16. Nxe5 Nxe5 17. Nxd5 Qa7+ 18. Kh1 Nf7 19. Qe1 e5 20. Rxf7 Kxf7 21. Qxe5 1-0

[Event "FB1 2223 SK Schwäbisch Hall - SV Hemer"]
[Site "?"]
[Date "2022.10.16"]
[Round "2.5"]
[White "Naumenko, Valerija"]
[Black "Velikic, Adela"]
[Result "0-1"]
[WhiteElo "1783"]
[BlackElo "2272"]
[PlyCount "78"]
[EventDate "2022.??.??"]

1. e4 c6 2. d4 d5 3. exd5 cxd5 4. Nf3 Nf6 5. Bd3 Bg4 6. Bf4 Nc6 7. c3 e6 8. h3 Bh5 9. Nbd2 Bg6 10. Qc2 Be7 11. O-O O-O 12. Rfe1 b5 13. Bxg6 hxg6 14. b4 a5 15. a3 a4 16. Qd3 Qb6 17. Ng5 Nh5 18. Be3 Rac8 19. g4 Nf6 20. Bf4 Nd8 21. Qg3 Nh7 22. h4 Nb7 23. Re3 Nd6 24. Rae1 Qd8 25. Nxh7 Kxh7 26. Bg5 Rc6 27. Kg2 Kg8 28. Qe5 Re8 29. Rh3 Qc7 30. Ree3 f6 31. Qxe6+ Nf7 32. Bf4 Rxe6 33. Bxc7 Rc6 34. Bh2 Kf8 35. Kf1 Rec8 36. Ke2 Nh6 37. g5 Ng4 38. gxf6 gxf6 39. Rhg3 Nxh2 0-1

[Event "FB1 2223 SK Schwäbisch Hall - SV Hemer"]
[Site "?"]
[Date "2022.10.16"]
[Round "2.6"]
[White "Eric, Jovana"]
[Black "Trunz, Michelle"]
[Result "1-0"]
[WhiteElo "2258"]
[BlackElo "1821"]
[PlyCount "105"]
[EventDate "2022.??.??"]

1. e4 c5 2. Nf3 d6 3. d4 cxd4 4. Nxd4 Nf6 5. Nc3 a6 6. h3 e5 7. Nb3 Be7 8. Be3 Qc7 9. g4 h6 10. a4 b6 11. Bg2 Nbd7 12. O-O Nc5 13. a5 b5 14. Nxc5 dxc5 15. Nd5 Nxd5 16. exd5 Bd6 17. Qd2 O-O 18. f4 exf4 19. Bxf4 Bb7 20. Rad1 Rad8 21. Be3 Rd7 22. Rf5 Re8 23. Rdf1 Rde7 24. Bxh6 Be5 25. Bf4 Bxf4 26. Qxf4 Qd7 27. Rf2 g6 28. Rg5 Re1+ 29. Kh2 R1e2 30. b3 Rxf2 31. Qxf2 Qc7+ 32. Qg3 Qxa5 33. Re5 Rd8 34. Qf4 Rf8 35. Re7 Ba8 36. Qe5 Qd2 37. c4 bxc4 38. bxc4 a5 39. h4 a4 40. h5 a3 41. hxg6 Qh6+ 42. Qh5 Qxg6 43. Qxg6+ fxg6 44. Ra7 a2 45. Rxa2 Bb7 46. Ra7 Bc8 47. Kg3 Rf7 48. Ra8 Rf8 49. Ra5 Kf7 50. Rxc5 Bd7 51. Rc7 Ke7 52. c5 Kd8 53. Ra7 1-0

[Event "FB1 2223 Schachfreunde Deizisau - TuRa "]
[Site "?"]
[Date "2022.10.16"]
[Round "2.1"]
[White "Antolak, Julia"]
[Black "Klek, Hanna Marie"]
[Result "0-1"]
[WhiteElo "2387"]
[BlackElo "2301"]
[PlyCount "94"]
[EventDate "2022.??.??"]

1. e4 e5 2. Nf3 Nc6 3. Bb5 a6 4. Ba4 Nf6 5. O-O Be7 6. Re1 b5 7. Bb3 d6 8. c3 O-O 9. h3 Nb8 10. d4 Nbd7 11. Nbd2 Bb7 12. Bc2 Re8 13. Nf1 Bf8 14. Ng3 g6 15. Bd2 Bg7 16. Qc1 exd4 17. cxd4 c5 18. d5 a5 19. a4 b4 20. Bd3 c4 21. Bxc4 Rc8 22. b3 Nb6 23. Be3 Nxc4 24. bxc4 Nxe4 25. Bd4 Nxg3 26. Bxg7 Rxe1+ 27. Qxe1 Kxg7 28. fxg3 Rxc4 29. Qd2 Rc5 30. Rf1 Bxd5 31. Nd4 Qe7 32. Kh2 h6 33. Qb2 Kh7 34. Nb5 Bc4 35. Rf6 Bxb5 36. axb5 Rxb5 37. Qd4 d5 38. Ra6 Qf8 39. Ra7 Kg8 40. Qd3 Qe8 41. h4 b3 42. h5 d4 43. g4 Qe5+ 44. g3 gxh5 45. Qf1 Qd5 46. g5 Qf5 47. Qe2 Qc2 0-1

[Event "FB1 2223 Schachfreunde Deizisau - TuRa "]
[Site "?"]
[Date "2022.10.16"]
[Round "2.2"]
[White "Schleining, Zoya"]
[Black "Unuk, Laura"]
[Result "1/2-1/2"]
[WhiteElo "2338"]
[BlackElo "2329"]
[PlyCount "63"]
[EventDate "2022.??.??"]

1. e4 e5 2. Nf3 Nc6 3. Nc3 Nf6 4. Bb5 Bb4 5. O-O O-O 6. Bxc6 dxc6 7. d3 Re8 8. Ne2 h6 9. Ng3 a5 10. a4 Bd6 11. Nd2 Bg4 12. f3 Bc5+ 13. Kh1 Be6 14. Qe2 b5 15. Nb3 Bb6 16. Be3 Rb8 17. Nd2 Qd7 18. b3 Rbd8 19. Qf2 Rb8 20. Rfd1 Red8 21. Ndf1 Qe7 22. Ne2 Nd7 23. d4 exd4 24. Nxd4 Ne5 25. Nxe6 Rxd1 26. Rxd1 Qxe6 27. Bxb6 cxb6 28. axb5 cxb5 29. Ne3 Ng6 30. Nd5 b4 31. h3 Ne7 32. Qd4 1/2-1/2

[Event "FB1 2223 Schachfreunde Deizisau - TuRa "]
[Site "?"]
[Date "2022.10.16"]
[Round "2.3"]
[White "Gosciniak, Maria"]
[Black "Belenkaya, Dina"]
[Result "0-1"]
[WhiteElo "2094"]
[BlackElo "2280"]
[PlyCount "116"]
[EventDate "2022.??.??"]

1. e4 c6 2. d4 d5 3. Nd2 dxe4 4. Nxe4 Bf5 5. Ng3 Bg6 6. h4 h6 7. Nf3 e6 8. h5 Bh7 9. Bd3 Bxd3 10. Qxd3 Nf6 11. Bd2 Be7 12. O-O-O O-O 13. Ne4 Nxe4 14. Qxe4 Qd5 15. Qxd5 cxd5 16. g4 Nc6 17. g5 hxg5 18. Bxg5 Bxg5+ 19. Nxg5 Ne7 20. h6 g6 21. Rh3 Nf5 22. c3 Rae8 23. f4 f6 24. Nf3 Kf7 25. Rdh1 Rh8 26. a4 Rh7 27. a5 Reh8 28. Kd2 Rxh6 29. Rxh6 Rxh6 30. Rxh6 Nxh6 31. Kd3 Nf5 32. b3 Ke7 33. c4 Kd6 34. a6 bxa6 35. c5+ Kc6 36. b4 Kb5 37. Kc3 Ng3 38. Ng1 a5 39. bxa5 Kxa5 40. Kd3 Kb5 41. Nf3 Ne4 42. Nh4 g5 43. fxg5 fxg5 44. Ng6 g4 45. Ke3 g3 46. Nf4 a5 47. Kf3 a4 48. Ne2 a3 49. Nc1 Kc6 50. Nd3 Kd7 51. Nb4 Nc3 52. Kxg3 a2 53. Nc2 Ne2+ 54. Kf2 Nxd4 55. Na1 Kc6 56. Ke3 Kxc5 57. Kd3 e5 58. Kc3 e4 0-1